| 000 | 01309cam a2200373 i 4500 | ||
|---|---|---|---|
| 003 | EG-GICUC | ||
| 005 | 20260324083208.0 | ||
| 008 | 080726s2008 ne frb 001 0 eng d | ||
| 020 | _a9789041127358 | ||
| 020 | _a9041127356 | ||
| 040 |
_aTHL _cTHL _dNLGGC _dBWX _dCDX _dBTCTA _dDLC _dEG-GICUC _beng _erda |
||
| 050 | 0 | 0 |
_aK2400 _b.K363 2008 |
| 082 | 0 | 4 |
_221 _a347.224 |
| 092 | 0 | 4 | _221 |
| 099 | _aLaw 12 2008 | ||
| 100 | 1 | _aKantor, Mark. | |
| 245 | 1 | 0 |
_aValuation for arbitration : _bcompensation standards, valuation methods and expert evidence / _cMark Kantor. |
| 264 |
_aAlphen aan den Rijn, The Netherlands : _bKluwer Law International, _c2008. |
||
| 300 |
_axiv, 411 pages ; _c25 cm. |
||
| 336 |
_atext _2rdacontent |
||
| 337 |
_aComputer _2rdamedia |
||
| 338 |
_aOnline Resource _2rdacarrier |
||
| 440 | 0 | _aInternational arbitration law library | |
| 504 | _aIncludes bibliographical references and index. | ||
| 650 | 0 | _aInternational commercial arbitration. | |
| 650 | 0 |
_aBusiness enterprises _xValuation. |
|
| 650 | 1 | 7 |
_aInternationaal bedrijfsleven. _2gtt |
| 650 | 1 | 7 |
_aArbitrage. _2gtt |
| 650 | 1 | 7 |
_aInternationaal handelsrecht. _2gtt |
| 650 | 1 | 7 |
_aConflictmanagement. _2gtt |
| 856 | 4 | 0 | _uhttps://fll.law.cu.edu.eg/fulltext/bks/ENGB12-00101.pdf |
| 905 | _a10 | ||
| 942 |
_2ddc _cBK _e21 _n0 |
||
| 999 |
_c66574 _d66574 |
||